Боевые донесения штаба 3-й гвардейской армии в штаб 1-го Украинского фронта о боевых действиях в Пражской наступательной операци...

RUSMARC
00005069cbm0a2200313#x 450
001e84b773d-4d81-432b-9c07-1d2155f40540
00520250429161301.0
100##$a20250429j19450506k###0rusy50 ca
1010#$arus
102##$aRU
1221#$ad19450506##
$ad19450511##
2001#$aБоевые донесения штаба 3-й гвардейской армии в штаб 1-го Украинского фронта о боевых действиях в Пражской наступательной операции
$j6-11 мая 1945 г.
251##$cДокумент
300##$aЗаверенные копии
461#0$12001
$aФ. 236
$1251
$cФонд
$1852
$j236
462#0$12001
$aОп. 2673
$1251
$cОпись
$1852
$j2673
462#0$12001
$aД. 2463
$vЛ. 1-20
$1251
$cДело
$1852
$j2463
60102$2nlr_sh
$3RU\NLR\AUTH\6601548633
$aУкраинский фронт
$c1; 1943 - 1945
$jДокументы и материалы
605##$2prlib_sh
$3LIBNET\UAF\0000088514
$aВторая мировая война в архивных документах (Комплекс оцифрованных архивных документов, кино- и фотоматериалов)
$lколлекция
605##$2acquisition_Prlib
$3DITM\AF\0000002775
$aВласть
$lколлекция
605##$2acquisition_Prlib
$3DITM\AF\0000003834
$aНарод
$lколлекция
6061#$2nlr_sh
$3RU\NLR\AUTH\661520861
$aВеликая Отечественная война
$z1941 - 1945
$zТретий период
$z1944 – 1945
$jДокументы и материалы
6061#$2nlr_sh
$3RU\NLR\AUTH\66178943
$aПражская операция
$z1945
$jДокументы и материалы
686##$a63.3(2)622,13ю1
$2rubbk
$vLBC/M
801#0$aRU
$bПБ им. Б.Н. Ельцина
$c20250429
801#1$aRU
$bПБ им. Б.Н. Ельцина
$c20250429
$2rusmarc
801#2$aRU
$bПБ им. Б.Н. Ельцина
$c20250429
$2rusmarc
850##$aЦентральный архив Министерства обороны Российской Федерации
852##$aЦА МО РФ
$jЛ. 1-20
035##$aLIBNET\0001470724
937##$d196711420
$hФедеральное архивное агентство
8564#$uhttp://readingroom.main.prlib.ru/item.aspx?id_node=n196711420&mode=full
Формат отображения